The Dirty Quiz Stats

 Plays Quiz Updated Mar 8, 2012

Also try: Seven Dirty Words
Challenge
Share
Tweet
Embed
Score 0/20 Timer 05:00
2 Plays Today
Clue Answer % Correct
Brad Pitt's hair colordirty blond
89.6%
The last scene of this 1987 Patrick Swayze romance will give you a liftDirty Dancing
84.8%
Discovery Channel show in which host Mike Rowe finds himself in some messy situationsDirty Jobs
69.8%
You just have to ask yourself one question: Where have I heard this quote before?Dirty Harry
65.4%
Radiological weapondirty bomb
55.2%
George Carlin routine and popular Sporcle quizSeven Dirty Words
48.1%
Single by The All-American RejectsDirty Little Secret
47.5%
Traditional cajun dishdirty rice
42.5%
Expression for someone's secretsdirty laundry
39.4%
1998 Atlanta Falcon touchdown celebrationDirty Bird
39.3%
Clue Answer % Correct
Steve Martin & Michael Caine as rival con artists on the French RivieraDirty Rotten Scoundrels
38.8%
This 1967 Lee Marvin film was an influence for Tarantino's 'Inglourious Basterds'The Dirty Dozen
38%
'Take your stinking paws off me...'You damned dirty ape!
33.5%
Third highest-selling AC/DC albumDirty Deeds Done Dirt Cheap
31.8%
Michael Jackson hard rock song about a groupieDirty Diana
28.8%
Founding member of the Wu-Tang ClanOl' Dirty Bastard
28.7%
Famous line attributed to James Cagney, which he actually never saidYou dirty rat!
19.7%
Board game that employs sexual double entendresDirty Minds
17.9%
Second single from Poison's 'Look What the Cat Dragged In'Talk Dirty to Me
13.6%
Describing something that is carelessly donequick-and-dirty
11.3%

You're not logged in!

Compare scores with friends on all Sporcle quizzes.
Join for Free
OR
Log In

You Might Also Like...

Show Comments

Extras

Top Quizzes Today


Score Distribution

Your Account Isn't Verified!

In order to create a playlist on Sporcle, you need to verify the email address you used during registration. Go to your Sporcle Settings to finish the process.

Report this User

Report this user for behavior that violates our Community Guidelines.

Details: